[Event "British Universities-ch"]
[Site "Chess.com INT"]
[Date "2022.03.05"]
[Round "3.1"]
[White "Cosens, Callum"]
[Black "Durnan, George"]
[Result "1-0"]
[WhiteElo "1395"]
[BlackElo "1090"]
[PlyCount "27"]
[EventDate "2022.03.05"]
[EventType "swiss"]
[EventRounds "9"]
[EventCountry "ENG"]
[SourceTitle "EXT 2023"]
[Source "ChessBase"]
[SourceDate "2022.10.05"]
[SourceVersion "1"]
[SourceVersionDate "2022.10.05"]
[SourceQuality "1"]
[WhiteTeam "Lincoln"]
[BlackTeam "Swansea II"]
[WhiteTeamCountry "ENG"]
[BlackTeamCountry "WLS"]

1. d4 e5 2. dxe5 Nc6 3. Nf3 Qe7 4. e4 Nxe5 5. Nc3 Nxf3+ 6. Qxf3 d6 7. Bd3 g6 8. 0-0 Bg7 9. Nd5 Qd7 10. c3 Ne7 11. Nf6+ Bxf6 12. Qxf6 0-0 13. Bh6 Nf5 14. exf5 1-0